| 000 | 00901cam a22002651 4500 | ||
|---|---|---|---|
| 001 | hew64000128 | ||
| 003 | DLC | ||
| 005 | 20260227111513.0 | ||
| 008 | 781205s1964 dcua f000 0 eng c | ||
| 010 | _ahew64000128 | ||
| 035 | _a(OCoLC)4420865 | ||
| 040 |
_aU.S. Dept. of H.E.W. _cArLUA _dDNLM _dOCoLC _dDLC |
||
| 042 | _apremarc | ||
| 050 | 0 | 0 |
_aHV854 _b.A46 |
| 060 | 0 | 0 |
_aW1 _bUN6181 no.412 1964 |
| 110 | 1 |
_aUnited States. _bChildren's Bureau. |
|
| 245 | 1 | 0 | _aDay care for other people's children in your home. |
| 260 |
_a[Washington, _bFor sale by the Superintendent of Documents, U. S. Govt. Print. Off., _c1964] |
||
| 300 |
_a17 p. _billus. _c19 cm. |
||
| 490 | 1 |
_aIts Publication _vno. 412 |
|
| 500 | _aCover title. | ||
| 650 | 0 |
_aDay care centers _zUnited States. |
|
| 740 | 0 | _aOther people's children in your home. | |
| 810 | 1 |
_aUnited States. _bChildren's Bureau. _tPublication _vno. 412. |
|
| 999 |
_c34508 _d34508 |
||